000 00365nam a22001577a 4500
003 CEME
005 20210628202939.0
008 210119b xxu||||| |||| 00| 0 eng d
040 _c.
082 _a297.63 MUH
100 _aMuhammad Ameen
_962491
245 _aAabe qousar
260 _aLAHORE
_bMAKTABA-E-DARUL-ULOOM
_c2000
300 _a278 P
942 _cBK
_2ddc
999 _c571585
_d571585